Biblioteca

Richard Hampton 1782-1858 (Registro nro. 62779)

Detalles MARC
000 -LÍDER
Campo fijo de descripción fija 004500000a22001210004500
100 1# - ASIENTO PRINCIPAL--NOMBRE PERSONAL
Nombre personal Dray, Anne
245 10 - TÍTULO
Título del Material Richard Hampton 1782-1858
300 ## - DESCRIPCIÓN FÍSICA
Extensión Vol.26, núm. 2 (Summer, 2008), Páginas 48-61
500 ## - NOTA GENERAL
Nota General Un biografía corta de la vida de Richard 'Foolish Dick' Hampton quien fue uno de los predicadores Metodistas locales del siglo 19 en la localidad de Cornish.
650 14 - ASIENTO SECUNDARIO DE MATERIA - TERMINO TEMÁTICO
Término temático o nombre geográfico como elemento de entrada IGLESIA-INGLATERRA-SIGLO 19
773 0# - HOST ITEM ENTRY
Title Evangel
942 ## - TIPO DE MATERIAL (KOHA)
Tipo de Item KOHA Artículos de Revista
Existencias
Estado de Material Estado de Perdido Estado de Dañado No para Préstamo Colección Biblioteca de Origen Biblioteca Permanente Fecha de Adquisición Total de Préstamos Signatura Topográfica Última vez visto Fecha de Remplazo Tipo de Material
        Colección de Hemeroteca Biblioteca FUSBC Biblioteca FUSBC 26/01/2016   26/01/2016 26/01/2016 Artículos de Revista

Biblioteca FUSBC | Teléfono: (57+4) 349 88 10 Ext. 141| WhatsApp (+57) 3005338115 
E-mail: biblioteca@unisbc.edu.co | Calle 76 87-14 Robledo Palenque, Medellín, Colombia

Con tecnología Koha